| 000 | 01393cam a22003735i 4500 | ||
|---|---|---|---|
| 999 |
_c28433 _d28404 |
||
| 001 | 18119289 | ||
| 003 | EG-ScBUE | ||
| 005 | 20200812112546.0 | ||
| 008 | 140417t20152015onca f b 001 0 eng d | ||
| 020 | _a9781926895963 (bound) | ||
| 035 | _a(OCoLC)ocn859584570 | ||
| 040 |
_aNLC _beng _erda _cNLC _dBTCTA _dYDXCP _dOCLCO _dUKMGB _dBDX _dDLC _dEG-ScBUE |
||
| 082 | 0 | 4 |
_a660.2995 _bIND _222 |
| 245 | 0 | 0 |
_aIndustrial catalysis and separations : _binnovations for process intensification / _cedited by K. V. Raghavan, PhD, and B. M. Reddy, PhD. |
| 264 | 1 |
_aOakville, ON : _bApple Academic Press, _c[2015] |
|
| 264 | 4 | _cc2015 | |
| 264 | 2 |
_aBoca Raton, FL. : _bCRC Press / Taylor & Francis Group |
|
| 300 |
_axxvii, 483 pages : _billustrations ; _c23 cm |
||
| 336 |
_atext _btxt _2rdacontent |
||
| 337 |
_aunmediated _bn _2rdamedia |
||
| 338 |
_avolume _bnc _2rdacarrier |
||
| 504 | _aIncludes bibliographical references and index. | ||
| 650 | 7 |
_aCatalysis _xIndustrial applications. _2BUEsh |
|
| 650 | 7 |
_aGreen chemistry. _2BUEsh |
|
| 650 | 7 |
_aChemical processes. _2BUEsh |
|
| 650 | 7 |
_aChemical engineering. _2BUEsh |
|
| 650 | 7 |
_aSustainable engineering. _2BUEsh |
|
| 653 |
_bENGCHE _cJuly2020 |
||
| 655 |
_vReading book _934232 |
||
| 700 | 1 |
_aReddy, B. M., _eeditor. |
|
| 700 | 1 |
_aRaghavan, K. V., _eeditor. |
|
| 942 |
_2ddc _cBB |
||